|
|
|
|
| LEADER |
01443nam a2200325 a 4500 |
| 001 |
GR-MES1887 |
| 008 |
991111s1995 enk 000 b eng d |
| 020 |
|
|
|a 0751400114
|
| 040 |
|
|
|a GrPaTEI
|b gre
|c GR-PaULI
|
| 245 |
0 |
4 |
|a The canning of fish and meat.
|
| 260 |
|
|
|a London :
|b Blackie Academic,
|c 1995
|
| 300 |
|
|
|a 310σελ. :
|b εικ.,σχημ.
|
| 650 |
|
4 |
|a ΑΠΟΣΤΕΙΡΩΣΗ
|
| 650 |
|
4 |
|a ΚΟΝΣΕΡΒΟΠΟΙΗΣΗ
|
| 650 |
|
4 |
|a ΚΡΕΑΣ
|
| 650 |
|
4 |
|a ΣΥΝΤΗΡΗΣΗ
|
| 650 |
|
4 |
|a ΣΥΣΚΕΥΑΣΙΑ
|
| 650 |
|
4 |
|a Τεχνολογία
|
| 650 |
|
4 |
|a ΤΡΟΦΗ
|
| 650 |
|
4 |
|a Ψάρια
|
| 650 |
|
4 |
|a Ψάρια
|
| 700 |
1 |
|
|a Footitt, R.
|
| 700 |
1 |
|
|a Lewis, A.
|
| 710 |
0 |
|
|a Blackie Academic
|
| 942 |
|
|
|2 ddc
|
| 952 |
|
|
|0 0
|1 0
|2 ddc
|4 0
|6 664_902000000000000_822_0_FOO
|7 0
|9 266177
|a MSLG
|b MSLG
|c BSC
|d 2021-01-17
|e 24
|f 0
|g 0.00
|l 0
|o 664.902 822 0 FOO
|p 2420000005624
|r 2021-01-17 00:00:00
|t 1
|w 2021-01-17
|y BK15
|x 19991111 0 1
|x GrPaTEI
|
| 952 |
|
|
|0 0
|1 0
|2 ddc
|4 0
|6 664_902000000000000_822_0_FOO
|7 0
|9 266178
|a MSLG
|b MSLG
|c BSC
|d 2021-01-17
|e 24
|f 0
|g 0.00
|l 0
|o 664.902 822 0 FOO
|p 2420000009344
|r 2021-01-17 00:00:00
|t 1
|w 2021-01-17
|y BK15
|x 19991111 0 1
|x GrPaTEI
|
| 952 |
|
|
|0 0
|1 0
|2 ddc
|4 0
|6 664_902000000000000_822_0_FOO
|7 0
|9 266179
|a MSLG
|b MSLG
|c BSC
|d 2021-01-17
|e 24
|f 0
|g 0.00
|l 0
|o 664.902 822 0 FOO
|p 2420000009345
|r 2021-01-17 00:00:00
|t 1
|w 2021-01-17
|y BK15
|x 20020906 0 1
|x GrPaTEI
|
| 971 |
|
|
|a .b25729317
|b 15-04-20
|c 13-09-16
|
| 999 |
|
|
|c 153074
|d 153074
|